000 00964nam a2200217Ii 4500
003 JO-AjNU
008 230605s9999||||xx |||||||||||||| ||und||
040 _aJO-AjNU
_bara
_erda
_cJO-AjNU
041 _aara
050 1 4 _aBP173.758.G422 1994
100 3 _aالغزالي، عبد الحميد,
_eauthor
_927843
245 0 0 _aالأرباح والفوائد المصرفية بين التحليل الإقتصادي والحكم الشرعي
250 _aط1
264 3 1 _aجدة: المعهد الاسلامي للبحوث والتدريب البنك الاسلامي، 1994
300 _a71ص
_bيتضمن الهوامش والمراجع (ص61-71)
336 _atext
_btxt
_2rdacontent
337 _aunmediated
_bn
_2rdamedia
338 _avolume
_bnc
_2rdacarrier
490 0 _aسلسلة ترجمات الاقتصاد الاسلامي 2
650 4 _aالربا- الاقتصاد الاسلامي- الاسلام والاصلاح الاقتصادي
_927844
999 _aA10728
_c14296
_d14296